LEADER 00667nam0 22001931i 450 001 UON00199237 005 20231205103245.623 100 $a20030730f |0itac50 ba 101 $aeng 102 $aGB 105 $a|||| ||||| 200 1 $a Prose and verse$fH. Belloc. - 700 1$aBelloc$bHilaire$3UONV118759$0438772 801 $aIT$bSOL$c20250627$gRICA 899 $aSIBA - SISTEMA BIBLIOTECARIO DI ATENEO$2UONSI 912 $aUON00199237 950 $aSIBA - SISTEMA BIBLIOTECARIO DI ATENEO$dSI Angl V C $eSI SI 53569 5 996 $aProse and verse$91252893 997 $aUNIOR